HUN KARTAL ŞAVAŞÇISI GÖKBERK İLE ALMILA (Record no. 717660)
[ view plain ]
| 000 -LEADER | |
|---|---|
| sabit uzunluktaki kontrol alanı | 00278nam a2200097Ia 4500 |
| 001 - KONTROL NUMARASI | |
| kontrol alanı | 717660 |
| 005 - EN SON İŞLEMİN TARİH VE ZAMANI | |
| kontrol alanı | 20250826163008.0 |
| 008 - SABİT-UZUNLUKTA VERİ ÖĞELERİ--GENEL BİLGİ | |
| sabit uzunluktaki kontrol alanı | 250824s9999 xx 000 0 und d |
| 245 #0 - ESER / YAZAR | |
| ESER ADI | HUN KARTAL ŞAVAŞÇISI GÖKBERK İLE ALMILA |
| Yazar Adı | AHMET HALDUN TERZİOĞLU |
| 260 ## - YAYIN, DAĞITIM, VB. | |
| YAYIN EVİ | PANAMA YAYINLARI |
| Düşüm durumu | Kayıp durumu | Hasar Durumu | Ödünç verilmez | Ana kütüphane | Geçerli Kütüphane | Edinilen tarih | Toplam ödünç verme sayısı | Barkod | Son görüntüleme tarihi | Son ödünç verme tarihi | Fiyatın geçerli olmaya başladığı tarih | Koha materyal türü |
|---|---|---|---|---|---|---|---|---|---|---|---|---|
| KONEVİ ANADOLU LİSESİ | KONEVİ ANADOLU LİSESİ | 24.08.2025 | 1 | 103255 | 15.01.2026 | 05.01.2026 | 26.08.2025 | Books |